000 00663cab a2200205 4500
001 ABS38032
008 090401t1987 xxu||||| |||| 00| 0 eng d
035 _a(Sirsi) u8235
041 _aeng
100 _aRobson, P.
245 _aDeep datum monitoring as a guide to economic repair
260 _c1987
350 _a0
490 _aConstruction Repair
_v1(13) August 1987, 8-11(3)
520 _aDescribes, with examples, how deep datum monitoring can help in deciding upon the most economic repair of defective foundations . Figures.
650 _aBUILDING FAILURES
690 _aBUILT ENVIRONMENT-CONSTRUCTION DESIGN
942 _n0
948 _c04/03/1997
999 _c5038
_d5038